Síntesis de la historia de la Iglesia / (Record no. 81372)

MARC details
000 -LEADER
campo de control de longitud fija 00617nam a2200193 i 4500
001 - NÚMERO DE CONTROL
campo de control 81372
003 - IDENTIFICADOR DE NÚMERO DE CONTROL
campo de control ES-MaACL
005 - FECHA Y HORA DE LA ÚLTIMA TRANSACCIÓN
campo de control 20250831072554.0
007 - CAMPO FIJO DE DESCRIPCIÓN FÍSICA--INFORMACIÓN GENERAL
campo de control de longitud fija t|
008 - DATOS DE LONGITUD FIJA--INFORMACIÓN GENERAL
campo de control de longitud fija 041104s1958 sp ||||1| spa d
100 1# - ENTRADA PRINCIPAL--NOMBRE DE PERSONA
Nombre de persona Hughes, Philip.
9 (RLIN) 64615
245 10 - MENCIÓN DEL TÍTULO
Título Síntesis de la historia de la Iglesia /
Mención de responsabilidad, etc. Philip Hughes ; [versión castellana por José Mª Balil].
260 ## - PUBLICACIÓN, DISTRIBUCIÓN, ETC.
Lugar de publicación, distribución, etc. Barcelona :
Nombre del editor, distribuidor, etc. Herder,
Fecha de publicación, distribución, etc. 1958 (
Fabricante Grafesa)
300 ## - DESCRIPCIÓN FÍSICA
Extensión 371 p. ;
Dimensiones 20 cm.
650 07 - PUNTO DE ACCESO ADICIONAL DE MATERIA--TÉRMINO DE MATERIA
Término de materia o nombre geográfico como elemento de entrada Historia eclesiástica
Fuente del encabezamiento o término embne
9 (RLIN) 13400
700 1# - ENTRADA AGREGADA--NOMBRE PERSONAL
Nombre de persona Balil Giró, José María.
9 (RLIN) 24940
852 ## - LOCALIZACIÓN
Ubicación ES-MaACL
Número de control de estantería C-16118
Holdings
Estatus retirado Estado de pérdida Estado de daño No para préstamo Biblioteca de origen Biblioteca actual Ubicación en estantería Fecha de adquisición Fuente de adquisición Total de préstamos Signatura topográfica completa Código de barras Visto por última vez Precio de reemplazo Tipo de ítem Koha
        Biblioteca del Ateneo de Madrid Biblioteca del Ateneo de Madrid Ficheros 17/01/2008     C-16118 1085063 23/02/2023 23/02/2023 Libro impreso